Statystyki dla Państwa neutralne podczas II wojny światowej

Kliknij tutaj aby rozwiązać quiz!

Ogólne statystyki

  • Ten quiz został rozwiązany 508 razy
  • Średni wynik to 7 z 12

Statystyki odpowiedzi

KontynentPaństwo% Poprawnych
EuropaSzwajcaria
94%
EuropaSzwecja
86%
EuropaHiszpania
79%
EuropaPortugalia
79%
EuropaWatykan
69%
EuropaAndora
65%
EuropaLiechtenstein
65%
EuropaIrlandia
59%
EuropaIslandia
55%
AzjaAfganistan
26%
AzjaJemen
18%
AzjaTybet
12%

Rozkład punktacji

Percentyl według liczby udzielonych odpowiedzi

Procent ludzi z każdym wynikiem

Twoja historia wyników

Nie rozwiązałeś tego quizu